Celebrate Easter with colored eggs, flowers, and prayer / (Record no. 1326)

MARC details
000 -LEADER
fixed length control field 01157cam a22003254a 4500
005 - DATE AND TIME OF LATEST TRANSACTION
control field 20260322212056.0
008 - FIXED-LENGTH DATA ELEMENTS--GENERAL INFORMATION
fixed length control field data
010 ## - LIBRARY OF CONGRESS CONTROL NUMBER
LC control number 2006026224
020 ## - INTERNATIONAL STANDARD BOOK NUMBER
International Standard Book Number 9781426300202 (trade bdg.)
020 ## - INTERNATIONAL STANDARD BOOK NUMBER
International Standard Book Number 1426300204 (trade bdg.)
020 ## - INTERNATIONAL STANDARD BOOK NUMBER
International Standard Book Number 9781426300219 (lib. bdg.)
020 ## - INTERNATIONAL STANDARD BOOK NUMBER
International Standard Book Number 1426300212 (lib. bdg.)
040 ## - CATALOGING SOURCE
Original cataloging agency DLC
Transcribing agency DLC
Modifying agency DLC
042 ## - AUTHENTICATION CODE
Authentication code lcac
050 00 - LIBRARY OF CONGRESS CALL NUMBER
Classification number BV55
Item number .H45 2007
082 00 - DEWEY DECIMAL CLASSIFICATION NUMBER
Classification number 263/.93
Edition information 22
092 ## - LOCALLY ASSIGNED DEWEY CALL NUMBER (OCLC)
Classification number 263.93 H45 2007
001 - CONTROL NUMBER
control field data
100 1# - MAIN ENTRY--PERSONAL NAME
Personal name Heiligman, Deborah.
245 10 - TITLE STATEMENT
Title Celebrate Easter with colored eggs, flowers, and prayer /
Statement of responsibility, etc. Deborah Heiligman.
260 ## - PUBLICATION, DISTRIBUTION, ETC.
Place of publication, distribution, etc. Washington, D.C. :
Name of publisher, distributor, etc. National Geographic,
Date of publication, distribution, etc. c2007.
300 ## - PHYSICAL DESCRIPTION
Extent 31 p. :
Other physical details col. ill., col. map ;
Dimensions 27 cm.
490 1# - SERIES STATEMENT
Series statement Holidays around the world
504 ## - BIBLIOGRAPHY, ETC. NOTE
Bibliography, etc. note Includes bibliographical references (p. 29) and index.
520 ## - SUMMARY, ETC.
Summary, etc. An introduction to the customs related to the Christian holiday of Easter.
650 #0 - SUBJECT ADDED ENTRY--TOPICAL TERM
Topical term or geographic name entry element Easter
Form subdivision Juvenile literature.
650 #1 - SUBJECT ADDED ENTRY--TOPICAL TERM
Topical term or geographic name entry element Easter.
830 #0 - SERIES ADDED ENTRY--UNIFORM TITLE
Uniform title Holidays around the world (National Geographic Society (U.S.))
856 42 - ELECTRONIC LOCATION AND ACCESS
Materials specified Publisher description
Uniform Resource Identifier <a href="http://www.loc.gov/catdir/enhancements/fy0738/2006026224-d.html">http://www.loc.gov/catdir/enhancements/fy0738/2006026224-d.html</a>
Holdings
Withdrawn status Lost status Damaged status Not for loan Home library Current library Shelving location Date acquired Total checkouts Full call number Barcode Date last seen Price effective from Koha item type
        Franklin Franklin General stacks 22/03/2026   263/.93 22 BC0011369 22/03/2026 22/03/2026 Books